000
00215 a2200097 4500
001
56028
100
_a
245
_a
Handbook of fourier theorems
260
_a
NY
_b
ccambridge
_c
1987
090
_c
34697
_d
34697
942
_a
NUST-CAE
_c
MONOGRAPH
_c
27443
999
_c
291101
_d
291101